[Event "OP-2013-0-02932"]
[Site "LSS email"]
[Date "2013.08.09"]
[Round "?"]
[White "Enguidanos Gimeno, Salvador"]
[Black "Vodicka, Milan"]
[Result "0-1"]
[WhiteElo "1334"]
[BlackElo "1935"]
[PlyCount "52"]
[EventDate "2013.08.06"]
[EventType "tourn (corr)"]
[EventRounds "4"]
[EventCountry "GER"]
[SourceTitle "Telechess CBM 161"]
[Source "ChessBase"]
[SourceDate "2014.07.16"]
[SourceVersion "1"]
[SourceVersionDate "2014.07.16"]
[SourceQuality "1"]

1. Nf3 Nf6 2. c4 c5 3. g3 Nc6 4. Bg2 e5 5. d3 h6 6. 0-0 Be7 7. Nc3 d6 8. a3 0-0 9. Rb1 Be6 10. b4 Qd7 11. bxc5 dxc5 12. Qa4 Rac8 13. Nd2 b6 14. Nde4 Bh3 15. Nxf6+ Bxf6 16. Nd5 Bxg2 17. Nxf6+ gxf6 18. Kxg2 Kh7 19. Qc2 f5 20. Qd2 f4 21. f3 Rg8 22. g4 Rxg4+ 23. fxg4 Qxg4+ 24. Kh1 Rg8 25. e4 fxe3 26. Qb2 e2 0-1

[Event "OP-2013-0-02932"]
[Site "LSS email"]
[Date "2013.08.09"]
[Round "?"]
[White "Lenz, Juergen"]
[Black "Enguidanos Gimeno, Salvador"]
[Result "1/2-1/2"]
[WhiteElo "1083"]
[BlackElo "1334"]
[PlyCount "61"]
[EventDate "2013.08.06"]
[EventType "tourn (corr)"]
[EventRounds "4"]
[EventCountry "GER"]
[SourceTitle "Telechess CBM 161"]
[Source "ChessBase"]
[SourceDate "2014.07.16"]
[SourceVersion "1"]
[SourceVersionDate "2014.07.16"]
[SourceQuality "1"]

1. d4 Nf6 2. Bf4 d6 3. h3 g6 4. e3 Bg7 5. Nf3 Nbd7 6. Be2 c5 7. c3 cxd4 8. exd4 0-0 9. 0-0 Nh5 10. Bh2 Qb6 11. Qb3 Qxb3 12. axb3 a6 13. b4 b6 14. Nbd2 Bb7 15. Rfe1 b5 16. Nb3 Rac8 17. Nfd2 Nb6 18. Na5 Ba8 19. Bf3 Bh6 20. Nab3 Bxf3 21. Nxf3 Na4 22. Re2 Nf4 23. Bxf4 Bxf4 24. g3 Bh6 25. Ne1 e6 26. Nd3 Ra8 27. f4 Bg7 28. g4 Rfe8 29. Rae1 Kf8 30. Kg2 Nb6 31. Na5 1/2-1/2

[Event "OP-2013-0-02882"]
[Site "LSS email"]
[Date "2013.07.14"]
[Round "?"]
[White "Enguidanos Gimeno, Salvador"]
[Black "Lenz, Juergen"]
[Result "1/2-1/2"]
[WhiteElo "1334"]
[BlackElo "1083"]
[PlyCount "53"]
[EventDate "2013.07.12"]
[EventType "tourn (corr)"]
[EventRounds "4"]
[EventCountry "GER"]
[SourceTitle "Telechess CBM 161"]
[Source "ChessBase"]
[SourceDate "2014.07.16"]
[SourceVersion "1"]
[SourceVersionDate "2014.07.16"]
[SourceQuality "1"]

1. Nf3 d5 2. g3 Nf6 3. Bg2 Bf5 4. d3 h6 5. 0-0 e6 6. c4 c6 7. cxd5 cxd5 8. Qb3 Qb6 9. Qxb6 axb6 10. Be3 Nbd7 11. Nc3 Bc5 12. d4 Bb4 13. Nb5 Ke7 14. a3 Bd6 15. Rac1 Rhc8 16. Bd2 Ne8 17. Nxd6 Nxd6 18. Bb4 Be4 19. Ne5 Bxg2 20. Kxg2 f6 21. Ng6+ Kf7 22. Bxd6 Kxg6 23. f3 Rc6 24. Bb4 Rac8 25. Bd2 e5 26. e3 Kf7 27. f4 1/2-1/2

[Event "OP-2013-0-02882"]
[Site "LSS email"]
[Date "2013.07.14"]
[Round "?"]
[White "Pepermans, Toon"]
[Black "Enguidanos Gimeno, Salvador"]
[Result "1-0"]
[WhiteElo "2355"]
[BlackElo "1334"]
[PlyCount "23"]
[EventDate "2013.07.12"]
[EventType "tourn (corr)"]
[EventRounds "4"]
[EventCountry "GER"]
[SourceTitle "Corr 2015"]
[Source "ChessBase"]
[SourceDate "2015.07.17"]
[SourceVersion "1"]
[SourceVersionDate "2015.07.17"]
[SourceQuality "1"]

1. e4 c5 2. Nf3 e6 3. d4 cxd4 4. Nxd4 Nf6 5. Nc3 d6 6. g4 h6 7. h4 Be7 8. Qf3 e5 9. Bb5+ Nbd7 10. Nf5 0-0 11. g5 Ne8 12. Nd5 1-0

[Event "SE-2013-0-00138"]
[Site "LSS email"]
[Date "2013.04.12"]
[Round "?"]
[White "Enguidanos Gimeno, Salvador"]
[Black "Varas, Pablo"]
[Result "0-1"]
[WhiteElo "1301"]
[BlackElo "1205"]
[PlyCount "72"]
[EventDate "2013.03.03"]
[EventType "tourn (corr)"]
[EventRounds "6"]
[EventCountry "GER"]
[SourceTitle "Telechess CBM 163"]
[Source "ChessBase"]
[SourceDate "2014.11.11"]
[SourceVersion "2"]
[SourceVersionDate "2014.11.11"]
[SourceQuality "1"]

1. Nf3 Nf6 2. c4 Nc6 3. Nc3 e5 4. d3 d5 5. cxd5 Nxd5 6. g3 Bb4 7. Bd2 Nxc3 8. bxc3 Bc5 9. Bg2 0-0 10. 0-0 Re8 11. Ne1 Bb6 12. Nc2 Bg4 13. Ne3 Bh5 14. Nc4 Qd7 15. Nxb6 axb6 16. Qb3 Bxe2 17. Rfe1 Bxd3 18. Be3 e4 19. Red1 Qe6 20. Qb2 Ne5 21. Bf4 Nc6 22. Bxc7 b5 23. Re1 Ne7 24. Bf4 Nd5 25. Be3 Nxe3 26. Rxe3 f5 27. a3 Qc4 28. Rae1 Qc5 29. Qb4 b6 30. f3 Rxa3 31. fxe4 Rxc3 32. Qxc5 bxc5 33. exf5 Rxe3 34. Rxe3 b4 35. Bd5+ Kf8 36. h4 b3 0-1

[Event "SD-2013-0-00162"]
[Site "LSS email"]
[Date "2013.03.06"]
[Round "?"]
[White "Enguidanos Gimeno, Salvador"]
[Black "Camps, Jean Pierre"]
[Result "0-1"]
[WhiteElo "1334"]
[BlackElo "1629"]
[PlyCount "42"]
[EventDate "2013.02.06"]
[EventType "tourn (corr)"]
[EventRounds "6"]
[EventCountry "GER"]
[SourceTitle "Telechess CBM 161"]
[Source "ChessBase"]
[SourceDate "2014.07.16"]
[SourceVersion "1"]
[SourceVersionDate "2014.07.16"]
[SourceQuality "1"]

1. Nf3 Nf6 2. c4 g6 3. Nc3 Bg7 4. d4 d5 5. e3 0-0 6. cxd5 Nxd5 7. Bc4 Nb6 8. Be2 c5 9. dxc5 Qxd1+ 10. Nxd1 Na4 11. Rb1 Bf5 12. Ra1 Nc6 13. Nh4 Bc2 14. 0-0 Rfd8 15. Nf3 Rd7 16. Nd4 Bxd4 17. exd4 Nxd4 18. Bc4 Bxd1 19. Rxd1 Nf3+ 20. gxf3 Rxd1+ 21. Kg2 Nxc5 0-1

[Event "BI-2012-P-00026"]
[Site "LSS email"]
[Date "2012.04.20"]
[Round "?"]
[White "Fernandez, Javier Horacio"]
[Black "Enguidanos Gimeno, Salvador"]
[Result "1-0"]
[WhiteElo "2219"]
[BlackElo "1406"]
[PlyCount "31"]
[EventDate "2012.04.22"]
[EventType "tourn (corr)"]
[EventRounds "10"]
[EventCountry "GER"]
[SourceTitle "Corr 2015"]
[Source "ChessBase"]
[SourceDate "2015.07.17"]
[SourceVersion "1"]
[SourceVersionDate "2015.07.17"]
[SourceQuality "1"]

1. e4 c5 2. Nf3 e6 3. d4 cxd4 4. c3 d3 5. Bxd3 Nc6 6. Qe2 d6 7. 0-0 Nf6 8. Na3 Be7 9. Rd1 a6 10. e5 Nd7 11. exd6 Bxd6 12. Nc4 Be7 13. Bf4 0-0 14. Bc2 b5 15. Qe4 Bb7 16. Qxh7# 1-0